<?xml version="1.0" encoding="UTF-8"?>
<record
    xmlns:xsi="http://www.w3.org/2001/XMLSchema-instance"
    xsi:schemaLocation="http://www.loc.gov/MARC21/slim http://www.loc.gov/standards/marcxml/schema/MARC21slim.xsd"
    xmlns="http://www.loc.gov/MARC21/slim">

  <leader>01458cam a22003855a 4500</leader>
  <controlfield tag="001">14846129</controlfield>
  <controlfield tag="003">OSt</controlfield>
  <controlfield tag="005">20150408114127.0</controlfield>
  <controlfield tag="008">070510s2002    enka          001 0 eng d</controlfield>
  <datafield tag="010" ind1=" " ind2=" ">
    <subfield code="a">  2007274751</subfield>
  </datafield>
  <datafield tag="015" ind1=" " ind2=" ">
    <subfield code="a">GBA616768</subfield>
    <subfield code="2">bnb</subfield>
  </datafield>
  <datafield tag="016" ind1="7" ind2=" ">
    <subfield code="a">013386313</subfield>
    <subfield code="2">Uk</subfield>
  </datafield>
  <datafield tag="020" ind1=" " ind2=" ">
    <subfield code="a">9780521677462 (pbk. w/ CDRom)</subfield>
  </datafield>
  <datafield tag="020" ind1=" " ind2=" ">
    <subfield code="a">0521677467 (pbk. w/ CDRom)</subfield>
  </datafield>
  <datafield tag="020" ind1=" " ind2=" ">
    <subfield code="a">9780521653978 (pbk.)</subfield>
  </datafield>
  <datafield tag="020" ind1=" " ind2=" ">
    <subfield code="a">0521653975 (pbk.)</subfield>
  </datafield>
  <datafield tag="035" ind1=" " ind2=" ">
    <subfield code="a">(OCoLC)ocm63186201</subfield>
  </datafield>
  <datafield tag="040" ind1=" " ind2=" ">
    <subfield code="a">Ma-un</subfield>
    <subfield code="c">UKM</subfield>
    <subfield code="d">BAKER</subfield>
    <subfield code="d">PL#</subfield>
    <subfield code="d">YDXCP</subfield>
    <subfield code="d">IJC</subfield>
    <subfield code="d">DLC</subfield>
  </datafield>
  <datafield tag="042" ind1=" " ind2=" ">
    <subfield code="a">lccopycat</subfield>
  </datafield>
  <datafield tag="050" ind1="0" ind2="0">
    <subfield code="a">PE1449</subfield>
    <subfield code="b">.M275 2002</subfield>
  </datafield>
  <datafield tag="082" ind1="0" ind2="4">
    <subfield code="a"> M M E 428.24</subfield>
    <subfield code="2">22</subfield>
  </datafield>
  <datafield tag="100" ind1="1" ind2=" ">
    <subfield code="a">McCarthy, Michael,</subfield>
    <subfield code="d">1947-</subfield>
  </datafield>
  <datafield tag="245" ind1="1" ind2="0">
    <subfield code="a">English vocabulary in use :</subfield>
    <subfield code="b">advanced /</subfield>
    <subfield code="c">Michael McCarthy, Felicity O'Dell. Advanced.</subfield>
  </datafield>
  <datafield tag="260" ind1=" " ind2=" ">
    <subfield code="a">Cambridge [England] ;</subfield>
    <subfield code="a">New York :</subfield>
    <subfield code="b">Cambridge University Press,</subfield>
    <subfield code="c">c2002</subfield>
    <subfield code="g">(2006 printing)</subfield>
  </datafield>
  <datafield tag="300" ind1=" " ind2=" ">
    <subfield code="a">315 p. :</subfield>
    <subfield code="b">ill. ;</subfield>
    <subfield code="c">27 cm. +</subfield>
    <subfield code="e">1 CD-ROM (4 3/4 in.)</subfield>
  </datafield>
  <datafield tag="500" ind1=" " ind2=" ">
    <subfield code="a">Includes index.</subfield>
  </datafield>
  <datafield tag="650" ind1=" " ind2="0">
    <subfield code="a">Vocabulary</subfield>
    <subfield code="v">Problems, exercises, etc.</subfield>
    <subfield code="9">6273</subfield>
  </datafield>
  <datafield tag="650" ind1=" " ind2="0">
    <subfield code="a">English language</subfield>
    <subfield code="v">Textbooks for foreign speakers.</subfield>
  </datafield>
  <datafield tag="650" ind1=" " ind2="0">
    <subfield code="a">English language</subfield>
    <subfield code="x">Grammar</subfield>
    <subfield code="v">Problems, exercises, etc.</subfield>
    <subfield code="9">3993</subfield>
  </datafield>
  <datafield tag="700" ind1="1" ind2=" ">
    <subfield code="a">O'Dell, Felicity,</subfield>
    <subfield code="d">1947-</subfield>
    <subfield code="9">6274</subfield>
  </datafield>
  <datafield tag="856" ind1="4" ind2="2">
    <subfield code="3">Publisher description</subfield>
    <subfield code="u">http://www.loc.gov/catdir/enhancements/fy0726/2007274751-d.html</subfield>
  </datafield>
  <datafield tag="906" ind1=" " ind2=" ">
    <subfield code="a">7</subfield>
    <subfield code="b">cbc</subfield>
    <subfield code="c">copycat</subfield>
    <subfield code="d">2</subfield>
    <subfield code="e">ncip</subfield>
    <subfield code="f">20</subfield>
    <subfield code="g">y-gencatlg</subfield>
  </datafield>
  <datafield tag="942" ind1=" " ind2=" ">
    <subfield code="2">ddc</subfield>
    <subfield code="c">BOOK</subfield>
  </datafield>
  <datafield tag="999" ind1=" " ind2=" ">
    <subfield code="c">29097</subfield>
    <subfield code="d">263597</subfield>
  </datafield>
  <datafield tag="952" ind1=" " ind2=" ">
    <subfield code="1">0</subfield>
    <subfield code="2">2013-03-14</subfield>
    <subfield code="4">0</subfield>
    <subfield code="7">1</subfield>
    <subfield code="a">M M E 428.24</subfield>
    <subfield code="c">1</subfield>
    <subfield code="d">2013-03-14</subfield>
    <subfield code="h">CL</subfield>
    <subfield code="i">00305370</subfield>
    <subfield code="m">CL</subfield>
    <subfield code="q">2013-05-08</subfield>
    <subfield code="r">2013-06-02 00:00:00</subfield>
    <subfield code="t">BOOK</subfield>
    <subfield code="w">ddc</subfield>
    <subfield code="y">1</subfield>
  </datafield>
  <datafield tag="952" ind1=" " ind2=" ">
    <subfield code="1">0</subfield>
    <subfield code="2">2013-03-14</subfield>
    <subfield code="4">0</subfield>
    <subfield code="7">0</subfield>
    <subfield code="a">M M E 428.24</subfield>
    <subfield code="c">2</subfield>
    <subfield code="d">2013-03-14</subfield>
    <subfield code="h">CL</subfield>
    <subfield code="i">00305371</subfield>
    <subfield code="m">CL</subfield>
    <subfield code="q">2014-08-21</subfield>
    <subfield code="r">2014-12-09 00:00:00</subfield>
    <subfield code="t">BOOK</subfield>
    <subfield code="w">ddc</subfield>
    <subfield code="y">1</subfield>
  </datafield>
  <datafield tag="952" ind1=" " ind2=" ">
    <subfield code="1">0</subfield>
    <subfield code="2">2013-03-14</subfield>
    <subfield code="4">0</subfield>
    <subfield code="7">0</subfield>
    <subfield code="a">M M E 428.24</subfield>
    <subfield code="c">3</subfield>
    <subfield code="d">2013-03-14</subfield>
    <subfield code="h">CL</subfield>
    <subfield code="i">00305372</subfield>
    <subfield code="m">CL</subfield>
    <subfield code="q">2013-12-16</subfield>
    <subfield code="r">2014-03-11 00:00:00</subfield>
    <subfield code="t">BOOK</subfield>
    <subfield code="w">ddc</subfield>
    <subfield code="y">1</subfield>
  </datafield>
  <datafield tag="952" ind1=" " ind2=" ">
    <subfield code="1">0</subfield>
    <subfield code="2">2013-03-14</subfield>
    <subfield code="4">0</subfield>
    <subfield code="7">1</subfield>
    <subfield code="a">M M E 428.24</subfield>
    <subfield code="c">1</subfield>
    <subfield code="d">2013-03-14</subfield>
    <subfield code="h">EZF</subfield>
    <subfield code="i">00305373</subfield>
    <subfield code="m">EZF</subfield>
    <subfield code="q">2014-11-24</subfield>
    <subfield code="r">2014-11-24 00:00:00</subfield>
    <subfield code="t">BOOK</subfield>
    <subfield code="w">ddc</subfield>
    <subfield code="y">1</subfield>
  </datafield>
  <datafield tag="952" ind1=" " ind2=" ">
    <subfield code="1">0</subfield>
    <subfield code="2">2013-03-14</subfield>
    <subfield code="4">0</subfield>
    <subfield code="7">0</subfield>
    <subfield code="a">M M E 428.24</subfield>
    <subfield code="c">2</subfield>
    <subfield code="d">2013-03-14</subfield>
    <subfield code="h">EZF</subfield>
    <subfield code="i">00305374</subfield>
    <subfield code="m">EZF</subfield>
    <subfield code="r">2013-03-14 00:00:00</subfield>
    <subfield code="t">BOOK</subfield>
    <subfield code="w">ddc</subfield>
    <subfield code="y">0</subfield>
  </datafield>
  <datafield tag="952" ind1=" " ind2=" ">
    <subfield code="1">0</subfield>
    <subfield code="2">2013-03-14</subfield>
    <subfield code="4">0</subfield>
    <subfield code="7">1</subfield>
    <subfield code="a">M M E 428.24</subfield>
    <subfield code="c">1</subfield>
    <subfield code="d">2013-03-14</subfield>
    <subfield code="h">EMF</subfield>
    <subfield code="i">00305375</subfield>
    <subfield code="m">EMF</subfield>
    <subfield code="o">1</subfield>
    <subfield code="q">2014-03-20</subfield>
    <subfield code="r">2014-04-02 00:00:00</subfield>
    <subfield code="t">BOOK</subfield>
    <subfield code="w">ddc</subfield>
    <subfield code="y">1</subfield>
  </datafield>
  <datafield tag="952" ind1=" " ind2=" ">
    <subfield code="1">0</subfield>
    <subfield code="2">2013-03-14</subfield>
    <subfield code="4">0</subfield>
    <subfield code="7">0</subfield>
    <subfield code="a">M M E 428.24</subfield>
    <subfield code="c">2</subfield>
    <subfield code="d">2013-03-14</subfield>
    <subfield code="h">EMF</subfield>
    <subfield code="i">00305376</subfield>
    <subfield code="m">EMF</subfield>
    <subfield code="q">2026-04-26</subfield>
    <subfield code="r">2026-04-26 12:28:05</subfield>
    <subfield code="s">2026-05-27</subfield>
    <subfield code="t">BOOK</subfield>
    <subfield code="w">ddc</subfield>
    <subfield code="y">1</subfield>
  </datafield>
  <datafield tag="952" ind1=" " ind2=" ">
    <subfield code="1">0</subfield>
    <subfield code="2">2013-03-14</subfield>
    <subfield code="4">0</subfield>
    <subfield code="7">1</subfield>
    <subfield code="a">M M E 428.24</subfield>
    <subfield code="c">1</subfield>
    <subfield code="d">2013-03-14</subfield>
    <subfield code="h">SRM</subfield>
    <subfield code="i">00305377</subfield>
    <subfield code="m">SRM</subfield>
    <subfield code="r">2013-03-14 00:00:00</subfield>
    <subfield code="t">BOOK</subfield>
    <subfield code="w">ddc</subfield>
    <subfield code="y">0</subfield>
  </datafield>
  <datafield tag="952" ind1=" " ind2=" ">
    <subfield code="1">0</subfield>
    <subfield code="2">2013-03-14</subfield>
    <subfield code="4">0</subfield>
    <subfield code="7">0</subfield>
    <subfield code="a">M M E 428.24</subfield>
    <subfield code="c">2</subfield>
    <subfield code="d">2013-03-14</subfield>
    <subfield code="h">SRM</subfield>
    <subfield code="i">00305378</subfield>
    <subfield code="m">SRM</subfield>
    <subfield code="r">2013-03-14 00:00:00</subfield>
    <subfield code="t">BOOK</subfield>
    <subfield code="w">ddc</subfield>
    <subfield code="y">0</subfield>
  </datafield>
</record>
